[Event "Stuttgart-chA int"]
[Site "Ditzingen"]
[Date "2006.05.26"]
[Round "4"]
[White "Kottwitz, Daniel"]
[Black "Roescheisen, Markus"]
[Result "0-1"]
[WhiteElo "2060"]
[BlackElo "1959"]
[PlyCount "118"]
[EventDate "2006.05.25"]
[EventType "swiss"]
[EventRounds "7"]
[EventCountry "GER"]
[SourceTitle "EXT 2018"]
[Source "ChessBase"]
[SourceDate "2017.10.13"]
[SourceVersion "1"]
[SourceVersionDate "2017.10.13"]
[SourceQuality "1"]

1. e4 e5 2. Nf3 Nc6 3. Bb5 Nf6 4. Bxc6 dxc6 5. 0-0 Bg4 6. h3 Bh5 7. Re1 Bc5 8. d3 Qe7 9. Be3 Rd8 10. Nbd2 h6 11. Qe2 0-0 12. g4 Bg6 13. Bxc5 Qxc5 14. Nc4 Nd7 15. Qe3 f6 16. Nh4 Bf7 17. Qxc5 Nxc5 18. Ne3 Ne6 19. Kg2 Kh7 20. Kg3 h5 21. Nhg2 b5 22. a4 Ra8 23. axb5 cxb5 24. Ra5 Rfb8 25. Rea1 Rb7 26. f4 Nd4 27. fxe5 fxe5 28. Ra6 c6 29. Ne1 Rc7 30. Nf3 Nxf3 31. Kxf3 Be6 32. Kg3 g6 33. Ng2 Bc8 34. R6a5 Rf7 35. Ne1 a6 36. Nf3 Re7 37. Rf1 Bb7 38. Nxe5 Kg7 39. Nf3 Rf8 40. Raa1 Ref7 41. Nd2 Rxf1 42. Rxf1 Rxf1 43. Nxf1 a5 44. d4 b4 45. b3 c5 46. d5 Kf6 47. gxh5 gxh5 48. Kf4 c4 49. Nd2 c3 50. Nc4 a4 51. Na5 Bxd5 52. bxa4 b3 53. cxb3 c2 54. exd5 c1Q+ 55. Ke4 Qe1+ 56. Kd4 Qxa5 57. Kc4 Ke5 58. d6 Kxd6 59. b4 Qxa4 0-1

[Event "Stuttgart-chA int"]
[Site "Ditzingen"]
[Date "2006.05.26"]
[Round "3"]
[White "Roescheisen, Markus"]
[Black "Hovenga, Alje"]
[Result "0-1"]
[WhiteElo "1959"]
[BlackElo "2119"]
[PlyCount "80"]
[EventDate "2006.05.25"]
[EventType "swiss"]
[EventRounds "7"]
[EventCountry "GER"]
[SourceTitle "EXT 2018"]
[Source "ChessBase"]
[SourceDate "2017.10.13"]
[SourceVersion "1"]
[SourceVersionDate "2017.10.13"]
[SourceQuality "1"]

1. e4 c6 2. d4 d5 3. e5 c5 4. c3 Nc6 5. h3 Bf5 6. g4 Bg6 7. h4 h5 8. e6 fxe6 9. Bd3 Bxd3 10. Qxd3 hxg4 11. Qg6+ Kd7 12. Ne2 Nf6 13. Nf4 cxd4 14. Qf7 e5 15. Nxd5 Nxd5 16. Qxd5+ Kc7 17. Qe4 Qd7 18. Na3 Rd8 19. cxd4 exd4 20. Bf4+ Kc8 21. Rc1 Qd5 22. Qxd5 Rxd5 23. Nc4 Kd7 24. Kf1 e5 25. Bg5 Be7 26. Rg1 Bxg5 27. hxg5 Rh4 28. Nd2 Ke6 29. Ke2 Kf5 30. Kd3 Nb4+ 31. Kc4 a5 32. a3 b5+ 33. Kb3 Nd3 34. Rc7 Rd7 35. Rc8 Rf7 36. f3 gxf3 37. g6 Rf6 38. Nxf3 Rh3 39. Ng5 Rh2 40. Rc2 a4+ 0-1

[Event "Stuttgart-chA int"]
[Site "Ditzingen"]
[Date "2006.05.25"]
[Round "2"]
[White "Schuster, Gerhard"]
[Black "Roescheisen, Markus"]
[Result "0-1"]
[WhiteElo "2100"]
[BlackElo "1959"]
[PlyCount "136"]
[EventDate "2006.05.25"]
[EventType "swiss"]
[EventRounds "7"]
[EventCountry "GER"]
[SourceTitle "EXT 2018"]
[Source "ChessBase"]
[SourceDate "2017.10.13"]
[SourceVersion "1"]
[SourceVersionDate "2017.10.13"]
[SourceQuality "1"]

1. e4 e5 2. Nf3 Nc6 3. Bb5 Nf6 4. 0-0 Nxe4 5. d4 Nd6 6. Bxc6 bxc6 7. dxe5 Nf5 8. Re1 Be7 9. c4 d5 10. exd6 cxd6 11. Nc3 0-0 12. Bf4 Be6 13. Qd3 g5 14. Bd2 h6 15. Rad1 Qb6 16. Ne4 g4 17. c5 dxc5 18. Ne5 h5 19. Bc3 Rad8 20. Qe2 Qb5 21. Ng3 Nxg3 22. Qxb5 cxb5 23. hxg3 Bg5 24. Nc6 Rxd1 25. Rxd1 Bxa2 26. Rd7 a6 27. Ne7+ Kh7 28. Nd5 b4 29. Bf6 Bxf6 30. Nxf6+ Kg6 31. Rd6 Be6 32. Nd5 Kg5 33. Nf4 c4 34. Rc6 Ra8 35. Rc5+ Kf6 36. Nxh5+ Ke7 37. Nf4 a5 38. Nxe6 Kxe6 39. Rxc4 f5 40. b3 Kd5 41. Rf4 Ke5 42. Rc4 Rd8 43. Rc5+ Rd5 44. Rc1 Kd6 45. Kf1 Rd3 46. Ra1 Rxb3 47. Rxa5 Rb1+ 48. Ke2 b3 49. Rxf5 b2 50. Rb5 Kc6 51. Rb8 Kc5 52. Rb7 Kc4 53. Ke3 Re1+ 54. Kf4 b1Q 55. Rxb1 Rxb1 56. Kxg4 Rb2 57. f4 Rxg2 58. Kf3 Rg1 59. f5 Kd5 60. Kf4 Rf1+ 61. Kg5 Ke5 62. g4 Rg1 63. f6 Rf1 64. f7 Rxf7 65. Kg6 Rf8 66. Kg7 Rf4 67. g5 Kf5 68. g6 Rg4 0-1